000 00408cam a2200145 4500500
005 20260405004946.0
041 _afre
042 _adc
100 1 0 _aThomasset, Alain
_eauthor
245 0 0 _aPaul Ricœur
260 _c2005.
500 _a1
786 0 _nÉtudes | 403 | 7 | 2005-07-01 | p. 5-8 | 0014-1941
856 4 1 _uhttps://shs.cairn.info/revue-etudes-2005-7-page-5?lang=fr&redirect-ssocas=7080
999 _c2079789
_d2079789